| 000 | 01627nam a2200373 c 4500 | ||
|---|---|---|---|
| 003 | BLK | ||
| 005 | 20190603134256.0 | ||
| 008 | 180408b bul|||||r ||||||| ||bul|| | ||
| 010 | _aKNG00068042000 | ||
| 020 |
_a954-771-134-2 _bиздат.: Кръгозор |
||
| 040 | _aBLK | ||
| 041 |
_aBUL _cBUL |
||
| 080 |
_aЛитература в основното училище. Методика на обучението _b373.3.016:821 _x(075.2) _z373.3.016:821(075.2) |
||
| 100 | 1 |
_aЙовева, Румяна _eпърви автор _gНикова, Румяна Йовева _9366492 |
|
| 700 | 1 |
_aНикова, Румяна Йовева _e* _9291612 |
|
| 700 | 1 |
_aЕнчев, Младен Стоянов _eсъавт. _9369940 |
|
| 139 |
_aНикова, Румяна Йовева и др. _bН 70 |
||
| 245 | 1 | 0 |
_aМитове _bКогато земята беше плоска : Уч. помагало по лит. : V кл. _cРумяна Йовева; * Румяна Йовева Никова; съавт. Младен Стоянов Енчев. |
| 257 | _aBGR | ||
| 260 |
_аСофия _bКръгозор _c2006 |
||
| 300 |
_a66 с. _bс ил. _c23 см |
||
| 380 | _a3 | ||
| 500 | _aПълното име на Р. Йовева - Румяна Йовева Никова. - Офс. изд. | ||
| 650 | 4 |
_aЛитература - учебни помагала _9243225 |
|
| 653 | _aмитове | ||
| 653 | _aлитература | ||
| 653 | _aучебни помагала | ||
| 653 | _aV кл. | ||
| 852 | _aЦб 229141 | ||
| 856 | 4 |
_qpdf _u |
|
| 856 | 4 |
_qpdf _u |
|
| 942 |
_cKNG _n0 _01 |
||
| 944 |
_aCR _c20.09.2006 _kМилена_Ачева |
||
| 944 |
_aED _c07.02.2013 _k |
||
| 999 |
_c63783 _d63783 |
||